000 02871nam a22003017a 4500
003 URS
005 20251015132752.0
008 240618b ||||| |||| 00| 0 eng d
040 _cURS
050 _aUGT LG221. R59
_bAG91 2024.
100 _aAguanta, John Rey Fajardo
_eAuthor.
245 _aDevelopment and Acceptability of a Coin-Operated Smart Printing Machine /
_cAguanta, Alumisim, Consulta, Macarista, Quinzon
260 _c© 2024
300 _axiv, 88 pages
_bIllustrations (some colors)
_c28 cm
337 _2rdamedia
_aunmediated
338 _2rdacarrier
_avolume
502 _aThesis
_bBachelor of Science in Computer Engineering
_cUniversity of Rizal System Antipolo Campus
_d2024
504 _aincludes bibliographical reference
520 _aAccessing printing services in public spaces, such as libraries and schools can often be inconvenient. For this reason, the researchers developed a coin-operated smart printing machine that leads to an innovative solution that addresses the common limitations in accessing printing facilities, which frequently cause trouble to users. the Coin-operated Smart Printing Machine offers a user-friendly and seamless printing experience to meet people's printing needs in various settings. Its design prioritizes ese of use to ensure a smooth printing process. The researchers' machine was made with Arduino Uno R3 as its microcontroller, coin slot to drop coins for payment, coin hopper for dispensing change, printer, and mini desktop for the user interface to manipulate the printing process. This study aimed to develop and determine the acceptability of a Coin-Operated Smart Printing Machine in terms of design, functionality, accuracy, security, and maintenance. The researchers used the T-test method to compare the means of two samples and assess whether the differences were statistically significant. The level of acceptability of the developed machine was very much accepted in terms of design, functionality, accuracy, security, and maintenance as it projected a grand mean of 4.81 for experts and 4.78 for end-users. Furthermore, there was no significant difference in the respondents' perception of the level of acceptability of the machine in terms of the variable mentioned. This study can be subjected to further development and improvement by future researchers.
700 _aRaymundo M. Rosales, RECE
_eAdviser.
700 _aAlumisim, Terence Agustin Perez
_eAuthor
700 _aConsulta. Nicole
_eAuthor
700 _aMacarista, Heart Batuhan
_eAuthor
700 _aQuinzon, John Francis
_eAuthor
856 _3Online Request For Students Unpublished Work
_uhttps://docs.google.com/forms/d/e/1FAIpQLSdtj_eCncT3hgTIbOB8g-3uMYPTK14UGxs8cj-GqWFJPmnTLA/viewform
856 _uhttps://drive.google.com/file/d/1iPU6RwDgWg_urmYlbcn6IhqsFZfqRtyb/view?usp=sharing
942 _2lcc
_cT
999 _c86599
_d86597